Normal view
MARC view
- GRAFICOS POR COMPUTADORA
Entry Materia
001 - NÚMERO DE CONTROL DEL REGISTRO
- campo de control: 12519
003 - IDENTIFICADOR DE NUMERO DE CONTROL
- campo de control: UPN
005 - FECHA Y HORA DE LA ÚLTIMA TRANSACCIÓN
- campo de control: 20210219193806.0
008 - DATOS DE LONGITUD FIJA
- campo de control de longitud fija: nabaccnnaabn|||||||||| b |nc|||||d
035 ## - NÚMERO DE CONTROL DEL SISTEMA
- Número de control del sistema: UPN10000012526
040 ## - FUENTE DE LA CATALOGACIÓN
- Lengua de catalogación: SPA
- Agencia de transcripción: UPN
053 #4 - NÚMERO CLASIFICADOR - BIBLIOTECA DEL CONGRESO (LC)
- Elemento numérico de la clasificación - Número único o no. inicial del rango: T385
150 ## - ENCABEZAMIENTO - TEMÁTICO
- Término de materia o nombre geográfico como elemento inicial: GRAFICOS POR COMPUTADORA
550 ## - VÉASE ADEMÁS - MATERIA
- Encabezamiento temático o nombre geográfico como elemento de entrada: GRAFICAS DE COMPUTADORA
670 ## - FUENTE EN LA QUE SE LOCALIZARON DATOS
- Cita de la fuente: SHLC
680 ## - NOTA GENERAL CON DESPLIEGUE PÚBLICO
- Encabezamiento: Use para aquellos materiales que tratan sobre la elaboración de imágenes para computadora o su uso en Internet
902 ## - CATALOGADOR
- Catalogador: BDV/260803
